Statistiques concernant Anagrammes de départements français (version facile)

Cliquez ici pour prendre le quiz!

Statistiques générales

  • Ce quiz a été pris 279 fois
  • Le résultat moyen est 46 sur 51

Statistiques - réponses

DépartementsAnagrammes% Correct
Nord59Nrod
100%
Haute-Loire43Hutae-Liroe
99%
Haute-Savoie74Htaue-Soivae
97%
Jura39Jrua
97%
Puy-de-Dôme63Puy-ed-Dmôe
97%
Drôme26Dmôre
96%
Saône-et-Loire71Snaôe-et-Liore
96%
Val-de-Marne94Val-ed-Mnrae
96%
Côtes-d'Armor22Cetôs-d'Aormr
95%
Gard30Grad
95%
Isère38Ièsre
95%
Seine-Maritime76Sinee-Mraiitme
95%
Aube10Abue
94%
Gers32Gres
94%
Charente16Carhente
93%
Vaucluse84Vlusauce
93%
Corrèze19Crorzèe
92%
Haute-Corse2BHutae-Crsoe
91%
Hautes-Pyrénées65Hateus-Pnyréées
91%
Hérault34Héaulrt
91%
Ille-et-Vilaine35Ille-te-Vlaiine
91%
Loire-Atlantique44Lroie-Aquitnatle
91%
Aisne02Asine
90%
Cher18Cehr
90%
Gironde33Gonride
90%
Lozère48Lèzore
90%
Mayotte976Moytate
90%
Sarthe72Srahte
90%
Tarn-et-Garonne82Tran-te-Granone
90%
Charente-Maritime17Caenhtre- Mrimatie
89%
Côte-d'Or21Ctôe-d'Or
89%
Martinique972Miniartque
89%
Orne61Onre
89%
Creuse23Crsuee
88%
Meuse55Muese
88%
Oise60Osie
88%
Ain01Ain
87%
Doubs25Dbous
87%
Loire42Liore
87%
Pyrénées-Orientales66Péryéens-Otaleenris
87%
Territoire de Belfort90Troirietre de Bolfert
87%
Indre-et-Loire37Irdne-et-Lrioe
86%
Pyrénées-Atlantiques64Pyrééens-Atiequtlans
85%
Maine-et-Loire49Miane-te-Lrioe
84%
Alpes-Maritimes06Aelps-Mirametis
83%
Somme80Smome
83%
Nièvre58Nrèvie
82%
Manche50Mchane
80%
Cantal15Catanl
79%
Ardennes08Asenndre
78%
Ariège09Agière
78%

Distribution des résultats

Percentile par nombre de réponses

% des personnes avec chaque résultat

Votre développement - résultats

Vous n’avez pas pris ce quiz